| 000 | 00798nam a2200241Ia 4500 | ||
|---|---|---|---|
| 003 | GCL | ||
| 008 | 140319s9999 xx 000 0 ara d | ||
| 040 |
_aGCL / _cGCL |
||
| 082 | 0 | 4 |
_a301.427 _bك م |
| 100 | 1 | _aكريستين نصار | |
| 245 | 1 | 0 |
_aمواقف الاسرة العربية من اصطراب الطفل / _cكريستين نصار |
| 260 |
_a[S.N] : _bجروس برس ، _c1993 |
||
| 300 | _a184 ص | ||
| 490 |
_aسلسلة الاقارب والطفل فى المجتمع الشرقى _v0 |
||
| 650 | 0 | 4 | _aالاسرة |
| 650 | 0 | 4 | _aالاطفال |
| 650 | 0 | 4 | _aالعلاقات الاسرية |
| 650 | 0 | 4 | _aالاجتماع |
| 650 | 0 | 4 | _aعلم النفس الاجتماعى |
| 650 | 0 | 4 | _aالاباء والابناء |
| 650 | 0 | 4 | _aالوالدين |
| 942 |
_2ddc _cBK |
||
| 999 |
_c58529 _d58529 |
||